[Event "South Australia-ch"]
[Site "Adelaide"]
[Date "2011.02.15"]
[Round "1"]
[White "Cowley, Robert"]
[Black "Turcaj, Pavel"]
[Result "1/2-1/2"]
[WhiteElo "2135"]
[BlackElo "1851"]
[PlyCount "59"]
[EventDate "2011.02.15"]
[EventType "swiss"]
[EventRounds "9"]
[EventCountry "AUS"]
[SourceTitle "EXT 2023"]
[Source "ChessBase"]
[SourceDate "2022.10.05"]
[SourceVersion "1"]
[SourceVersionDate "2022.10.05"]
[SourceQuality "1"]

1. d4 d5 2. Nf3 Nf6 3. c4 e6 4. g3 c5 5. dxc5 Bxc5 6. Bg2 Nc6 7. 0-0 0-0 8. Nc3 d4 9. Na4 Be7 10. e3 e5 11. exd4 exd4 12. a3 Be6 13. b3 Qd7 14. Re1 Rad8 15. Bf4 h6 16. h4 Bg4 17. Qd2 Bd6 18. Ne5 Nxe5 19. Bxe5 Bxe5 20. Rxe5 b6 21. Nb2 Rfe8 22. Nd3 Bf5 23. Rae1 Bxd3 24. Rxe8+ Rxe8 25. Rxe8+ Qxe8 26. Qxd3 Qe1+ 27. Bf1 Qe5 28. Bg2 Qe1+ 29. Bf1 Qe5 30. Bg2 1/2-1/2

[Event "Pennant-chT"]
[Site "Adelaide"]
[Date "2010.09.14"]
[Round "1.1"]
[White "Cowley, Robert"]
[Black "Zorkovic, Ante"]
[Result "1-0"]
[WhiteElo "2036"]
[BlackElo "1499"]
[PlyCount "69"]
[EventDate "2010.09.14"]
[EventType "team-tourn"]
[EventRounds "7"]
[EventCountry "AUS"]
[SourceTitle "EXT 2023"]
[Source "ChessBase"]
[SourceDate "2022.10.05"]
[SourceVersion "1"]
[SourceVersionDate "2022.10.05"]
[SourceQuality "1"]

1. e4 c5 2. Nf3 g6 3. c3 Bg7 4. d4 cxd4 5. cxd4 Nc6 6. Nc3 d6 7. Be3 Nf6 8. d5 Nb8 9. Be2 Qa5 10. 0-0 0-0 11. a3 Ng4 12. Bd4 Ne5 13. Nxe5 dxe5 14. Be3 f5 15. b4 Qd8 16. Rc1 f4 17. Bd2 Nd7 18. Nb5 Nf6 19. Nc7 Rb8 20. f3 Bd7 21. Kh1 Kh8 22. Nb5 a6 23. Nc3 g5 24. g4 h5 25. h3 Qe8 26. Kg2 h4 27. Qb3 Qd8 28. Na4 Bb5 29. Bxb5 axb5 30. Nc5 Qb6 31. Bc3 Qd6 32. Qb2 Nd7 33. Nxd7 Qxd7 34. Bxe5 Bxe5 35. Qxe5+ 1-0

[Event "South Australia-ch"]
[Site "Adelaide"]
[Date "2010.03.09"]
[Round "6"]
[White "Cowley, Robert"]
[Black "Kerr, Bill"]
[Result "1-0"]
[WhiteElo "2142"]
[BlackElo "1952"]
[PlyCount "103"]
[EventDate "2010.02.02"]
[EventType "tourn"]
[EventRounds "9"]
[EventCountry "AUS"]
[SourceTitle "EXT 2023"]
[Source "ChessBase"]
[SourceDate "2022.10.05"]
[SourceVersion "1"]
[SourceVersionDate "2022.10.05"]
[SourceQuality "1"]

1. e4 Nc6 2. Nf3 d6 3. d4 Nf6 4. Nc3 Bg4 5. Be3 e5 6. d5 Ne7 7. h3 Bd7 8. Nd2 Ng6 9. a4 Be7 10. Ra3 c6 11. Bc4 0-0 12. 0-0 h6 13. Re1 Nh7 14. Rb3 Qc8 15. Qh5 c5 16. Bf1 b6 17. Bb5 Bxb5 18. axb5 Bg5 19. Nc4 Qd7 20. Ra3 Rac8 21. Rea1 Rc7 22. Qg4 Rd8 23. Qxd7 Rdxd7 24. g3 Ne7 25. h4 Bxe3 26. Nxe3 g6 27. g4 Nc8 28. f3 Nf6 29. Kf2 Ne8 30. Rg1 Ng7 31. Raa1 Kf8 32. Rg2 Ne7 33. Rag1 Ke8 34. Nc4 Kd8 35. Ke3 Kc8 36. f4 exf4+ 37. Kxf4 g5+ 38. hxg5 Ng6+ 39. Ke3 hxg5 40. Ne2 Kb7 41. Rf2 a6 42. bxa6+ Kxa6 43. Ra1+ Kb7 44. Nc3 Rc8 45. Nb5 Rcd8 46. Rxf7 Kb8 47. Rxd7 Rxd7 48. Nbxd6 Re7 49. Nf5 Nxf5+ 50. gxf5 Nh4 51. f6 Rb7 52. Rg1 1-0

[Event "South Australia-ch"]
[Site "Adelaide"]
[Date "2009.03.24"]
[Round "7"]
[White "Cowley, Robert"]
[Black "Zulfic, Fedja"]
[Result "1/2-1/2"]
[WhiteElo "2127"]
[BlackElo "1956"]
[PlyCount "112"]
[EventDate "2009.02.10"]
[EventType "tourn"]
[EventRounds "9"]
[EventCountry "AUS"]
[SourceTitle "EXT 2023"]
[Source "ChessBase"]
[SourceDate "2022.10.05"]
[SourceVersion "1"]
[SourceVersionDate "2022.10.05"]
[SourceQuality "1"]

1. e4 d5 2. exd5 Nf6 3. d4 Bg4 4. f3 Bf5 5. Bb5+ Nbd7 6. c4 e6 7. dxe6 Bxe6 8. d5 Bf5 9. Be3 Bb4+ 10. Kf2 0-0 11. Bxd7 Nxd7 12. g4 Qh4+ 13. Kg2 Bg6 14. Bf2 Qf6 15. Bd4 Qh4 16. Bf2 Qe7 17. Nh3 f5 18. g5 f4 19. Nc3 Bf5 20. Rg1 Bd6 21. Ne2 Bxh3+ 22. Kxh3 Ne5 23. Nd4 Nxc4 24. Ne6 Rfe8 25. Bd4 Ne3 26. Bxe3 fxe3 27. Qd4 c6 28. Qxe3 cxd5 29. Rae1 b6 30. Qd3 Qf7 31. g6 Qf6 32. gxh7+ Kh8 33. Rg6 Qxb2 34. Re2 Qc1 35. Kg2 Qc4 36. Qxc4 dxc4 37. Rc2 Be5 38. Ng5 c3 39. Nf7+ Kxh7 40. Nxe5 Rxe5 41. Rc6 Rg5+ 42. Kf2 Rh5 43. Kg3 Rf8 44. R2xc3 Rf7 45. Ra3 Rhf5 46. h4 Rb5 47. Rc4 a5 48. Re3 Rb2 49. a4 Rb7 50. Re5 Rb3 51. Kg4 b5 52. axb5 R7xb5 53. Rxb5 Rxb5 54. f4 Rb1 55. Ra4 Rb5 56. Ra1 Rc5 1/2-1/2

[Event "South Australia-ch"]
[Site "Adelaide"]
[Date "2009.02.10"]
[Round "1"]
[White "Cloudsdale, Colin"]
[Black "Cowley, Robert"]
[Result "0-1"]
[WhiteElo "2138"]
[BlackElo "2127"]
[PlyCount "66"]
[EventDate "2009.02.10"]
[EventType "tourn"]
[EventRounds "9"]
[EventCountry "AUS"]
[SourceTitle "EXT 2023"]
[Source "ChessBase"]
[SourceDate "2022.10.05"]
[SourceVersion "1"]
[SourceVersionDate "2022.10.05"]
[SourceQuality "1"]

1. e4 c5 2. Nf3 e6 3. d4 cxd4 4. Nxd4 Nf6 5. Nc3 d6 6. Bd3 a6 7. a4 Nc6 8. Be3 Nxd4 9. Bxd4 e5 10. Be3 Be6 11. Qe2 Rc8 12. a5 Be7 13. 0-0 0-0 14. f4 exf4 15. Rxf4 d5 16. Bb6 Qd7 17. e5 Ng4 18. h3 Nh6 19. Kh1 f5 20. Re1 g6 21. Qf2 Nf7 22. Qd4 Ng5 23. Rd1 Qc6 24. Kh2 Ne4 25. Bxe4 dxe4 26. Rf2 Bc5 27. Bxc5 Qxc5 28. Qd6 Rc6 29. Qd4 Qxd4 30. Rxd4 Rc5 31. Rd6 Rxe5 32. Ne2 Bc4 33. Nf4 e3 0-1

[Event "Adelaide op"]
[Site "Adelaide"]
[Date "2008.08.05"]
[Round "3"]
[White "Cowley, Robert"]
[Black "Mdinaradze, Edgar"]
[Result "1-0"]
[WhiteElo "2100"]
[BlackElo "1992"]
[PlyCount "93"]
[EventDate "2008.07.31"]
[EventType "swiss"]
[EventRounds "9"]
[EventCountry "AUS"]
[SourceTitle "EXT 2023"]
[Source "ChessBase"]
[SourceDate "2022.10.05"]
[SourceVersion "1"]
[SourceVersionDate "2022.10.05"]
[SourceQuality "1"]

1. e4 d6 2. d4 g6 3. Nc3 Bg7 4. Be3 Nf6 5. f3 c6 6. Qd2 Qa5 7. Nge2 b5 8. a3 Nbd7 9. g4 Bb7 10. Ng3 h6 11. h4 b4 12. Na2 c5 13. axb4 Qb6 14. Be2 cxd4 15. Bxd4 Nxe4 16. Bxb6 Nxd2 17. Kxd2 axb6 18. Nc3 0-0 19. Rxa8 Rxa8 20. Rf1 d5 21. f4 e5 22. Bb5 exf4 23. Rxf4 Nf8 24. Nge2 Ne6 25. Rf1 Nd4 26. Nxd4 Bxd4 27. Na4 Ba6 28. Bxa6 Rxa6 29. b3 Kg7 30. b5 Ra5 31. Kd3 Bf6 32. c4 dxc4+ 33. Kxc4 Bd8 34. Rd1 Bxh4 35. Nxb6 Bf2 36. Nd5 Ra8 37. b6 h5 38. gxh5 gxh5 39. Kb5 Rd8 40. b7 Bg3 41. Nf4 Rh8 42. Rg1 h4 43. Ne2 f5 44. Nxg3 hxg3 45. Rxg3+ Kf6 46. Rc3 Rb8 47. Kc6 1-0

[Event "Adelaide SA-ch"]
[Site "Adelaide"]
[Date "2008.03.11"]
[Round "6"]
[White "Mdinaradze, Edgar"]
[Black "Cowley, Robert"]
[Result "1-0"]
[WhiteElo "1908"]
[BlackElo "2026"]
[PlyCount "131"]
[EventDate "2008.02.05"]
[EventType "tourn"]
[EventRounds "11"]
[EventCountry "AUS"]
[SourceTitle "EXT 2010"]
[Source "ChessBase"]
[SourceDate "2010.11.25"]
[SourceVersion "1"]
[SourceVersionDate "2010.11.25"]
[SourceQuality "1"]

1. d4 d5 2. c4 dxc4 3. Nc3 c6 4. a4 Nf6 5. Nf3 Bf5 6. Ne5 Nbd7 7. Nxc4 Qc7 8. e3 e5 9. Be2 Be7 10. 0-0 0-0 11. Bf3 e4 12. Be2 Nb6 13. Nd2 Bd6 14. h3 Rfe8 15. a5 Nbd5 16. Nc4 Rad8 17. Nxd6 Rxd6 18. Bd2 Qd7 19. Kh2 h6 20. Rg1 g5 21. Na4 Qc7 22. g3 Bc8 23. Kg2 Kg7 24. Rc1 h5 25. b4 a6 26. Nc5 h4 27. b5 axb5 28. Bxb5 hxg3 29. fxg3 g4 30. Be2 gxh3+ 31. Kh2 Ng8 32. Qb3 Nh6 33. Rcf1 Rg6 34. Qd1 Nf5 35. Rf4 Nxf4 36. exf4 Qd6 37. Bc3 Qd5 38. Qb3 Qxb3 39. Nxb3 Ne3 40. Bd2 Nd5 41. Nc5 e3 42. Be1 Re7 43. Rf1 b6 44. axb6 Nxb6 45. f5 Rf6 46. g4 Nd5 47. Bh4 Ra7 48. Kxh3 Ra2 49. Bc4 Rh6 50. Bxa2 Nb4 51. f6+ Kf8 52. Rb1 Nxa2 53. Rb8 Kg8 54. Rxc8+ Kh7 55. g5 Rg6 56. Re8 Nc3 57. Rxe3 Nd5 58. Re8 Nxf6 59. gxf6 Rg1 60. Ne4 Rd1 61. Bf2 Kg6 62. Kg4 Rd3 63. Rg8+ Kh6 64. Kf4 Rd1 65. Kf5 Kh7 66. Rg7+ 1-0

[Event "Adelaide Major op"]
[Site "Adelaide"]
[Date "2007.07.17"]
[Round "1"]
[White "Cowley, Robert"]
[Black "Zulfic, Fedja"]
[Result "1/2-1/2"]
[WhiteElo "2056"]
[BlackElo "1809"]
[PlyCount "112"]
[EventDate "2007.07.17"]
[EventType "swiss"]
[EventRounds "5"]
[EventCountry "AUS"]
[SourceTitle "EXT 2010"]
[Source "ChessBase"]
[SourceDate "2010.11.25"]
[SourceVersion "1"]
[SourceVersionDate "2010.11.25"]
[SourceQuality "1"]

1. e4 c5 2. Nf3 g6 3. c3 Bg7 4. d4 cxd4 5. cxd4 d5 6. exd5 Nf6 7. Bb5+ Bd7 8. Bc4 0-0 9. Nc3 Bf5 10. Qb3 Qc8 11. 0-0 Nbd7 12. Re1 Nb6 13. Bf1 Qc7 14. Bg5 a6 15. a4 Rad8 16. Bxf6 Bxf6 17. a5 Nc8 18. g3 Nd6 19. h3 Bd7 20. Rec1 Qb8 21. Qb4 h5 22. Bg2 Kg7 23. Re1 Rh8 24. Ne5 Bf5 25. Na4 Nb5 26. Nb6 e6 27. Rad1 exd5 28. Nxd5 Bxe5 29. dxe5 Rhe8 30. f4 Qc8 31. Ne7 Qe6 32. Nxf5+ Qxf5 33. Qe4 Nd6 34. Qxf5 Nxf5 35. Kf2 Rc8 36. Bxb7 Rc2+ 37. Re2 Rxe2+ 38. Kxe2 Nxg3+ 39. Kf3 Nf5 40. Rd7 Rb8 41. b4 Nd4+ 42. Ke4 Ne6 43. h4 Nd8 44. Bxa6 Rxb4+ 45. Rd4 Rxd4+ 46. Kxd4 Nc6+ 47. Kd5 Nxa5 48. Be2 Nb7 49. f5 Nd8 50. Kd6 gxf5 51. Bxh5 f6 52. e6 Nxe6 53. Kxe6 Kh8 54. Kxf6 Kg8 55. Bf3 Kh8 56. Bd5 Kh7 1/2-1/2

[Event "Adelaide SA-ch"]
[Site "Adelaide"]
[Date "2007.03.13"]
[Round "6"]
[White "Cloudsdale, Colin"]
[Black "Cowley, Robert"]
[Result "1/2-1/2"]
[WhiteElo "1921"]
[BlackElo "2095"]
[PlyCount "81"]
[EventDate "2007.02.06"]
[EventType "tourn"]
[EventRounds "7"]
[EventCountry "AUS"]
[SourceTitle "EXT 2010"]
[Source "ChessBase"]
[SourceDate "2010.11.25"]
[SourceVersion "1"]
[SourceVersionDate "2010.11.25"]
[SourceQuality "1"]

1. e4 c5 2. Nf3 Nc6 3. d4 cxd4 4. Nxd4 Qb6 5. Nb3 Nf6 6. Nc3 e6 7. a3 Be7 8. g3 d6 9. Bg2 a6 10. Qe2 0-0 11. Nd2 d5 12. exd5 exd5 13. 0-0 Be6 14. Nf3 h6 15. Qd3 Rfd8 16. Ne2 Ne4 17. Be3 Qxb2 18. Nfd4 Ne5 19. Qd1 Nc4 20. Nxe6 Nxe3 21. fxe3 fxe6 22. Nd4 Qc3 23. Qe2 Bc5 24. Rad1 Bxd4 25. exd4 Qc6 26. Rd3 Rf8 27. Rxf8+ Rxf8 28. Bxe4 dxe4 29. Re3 Rf3 30. Rxe4 Rxa3 31. Rxe6 Qd5 32. Re8+ Kh7 33. Qe4+ Qxe4 34. Rxe4 Rc3 35. Re2 Rc7 36. Kf2 b5 37. Ke1 b4 38. Kd2 a5 39. Re5 Rc4 40. Kd3 Rc3+ 41. Kd2 1/2-1/2

[Event "Adelaide SA-ch"]
[Site "Adelaide"]
[Date "2007.02.13"]
[Round "2"]
[White "Cowley, Robert"]
[Black "Sykes, Alexander K"]
[Result "1/2-1/2"]
[WhiteElo "2095"]
[BlackElo "1868"]
[PlyCount "40"]
[EventDate "2007.02.06"]
[EventType "tourn"]
[EventRounds "7"]
[EventCountry "AUS"]
[SourceTitle "EXT 2010"]
[Source "ChessBase"]
[SourceDate "2010.11.25"]
[SourceVersion "1"]
[SourceVersionDate "2010.11.25"]
[SourceQuality "1"]

1. e4 c5 2. Nf3 e6 3. d4 cxd4 4. Nxd4 Nc6 5. Nc3 a6 6. f4 Qc7 7. Nxc6 Qxc6 8. Bd3 b5 9. Qe2 Bb7 10. Nd5 Ne7 11. Nb4 Qc7 12. c3 Nc6 13. Nc2 Bc5 14. b4 Bb6 15. Rf1 Ne7 16. Bd2 f6 17. Qh5+ g6 18. Qh4 0-0 19. Rf3 Rf7 20. Kf1 a5 1/2-1/2

[Event "Adelaide-ch"]
[Site "Adelaide"]
[Date "2005.08.16"]
[Round "6"]
[White "Haydn, Gavin"]
[Black "Cowley, Robert"]
[Result "0-1"]
[WhiteElo "1505"]
[BlackElo "2104"]
[PlyCount "72"]
[EventDate "2005.07.12"]
[EventType "swiss"]
[EventRounds "7"]
[EventCountry "AUS"]
[SourceTitle "EXT 2010"]
[Source "ChessBase"]
[SourceDate "2010.11.25"]
[SourceVersion "1"]
[SourceVersionDate "2010.11.25"]
[SourceQuality "1"]

1. c4 g6 2. Nc3 Bg7 3. g3 e5 4. Bg2 Nc6 5. e4 d6 6. d3 Nge7 7. Nge2 0-0 8. 0-0 Bg4 9. f3 Be6 10. Nd5 Qd7 11. Be3 f5 12. Qd2 Rae8 13. Rac1 Nc8 14. b4 Nd8 15. d4 c6 16. dxe5 dxe5 17. Bc5 Rf7 18. Rfd1 fxe4 19. Ne7+ Rfxe7 20. Bxe7 Qxd2 21. Rxd2 Nxe7 22. Rcd1 Nf7 23. fxe4 Bh6 24. Rc2 Kg7 25. c5 Ng8 26. Nc3 Be3+ 27. Kh1 Nf6 28. Re1 Bh6 29. a4 Rd8 30. Rd1 Rd4 31. b5 Bb3 32. Rxd4 exd4 33. Rb2 dxc3 34. Rxb3 c2 35. Rc3 c1Q+ 36. Rxc1 Bxc1 0-1

[Event "Adelaide-ch"]
[Site "Adelaide"]
[Date "2005.08.09"]
[Round "5"]
[White "Cowley, Robert"]
[Black "Zaric, Srboljub"]
[Result "1/2-1/2"]
[WhiteElo "2104"]
[BlackElo "2187"]
[PlyCount "66"]
[EventDate "2005.07.12"]
[EventType "swiss"]
[EventRounds "7"]
[EventCountry "AUS"]
[SourceTitle "EXT 2010"]
[Source "ChessBase"]
[SourceDate "2010.11.25"]
[SourceVersion "1"]
[SourceVersionDate "2010.11.25"]
[SourceQuality "1"]

1. d4 d5 2. Nf3 c6 3. c4 e6 4. e3 Nf6 5. Nc3 Nbd7 6. Qc2 Bd6 7. Bd3 dxc4 8. Bxc4 0-0 9. Bd2 e5 10. 0-0-0 Qc7 11. Kb1 Nb6 12. Bd3 Bg4 13. dxe5 Bxe5 14. h3 Bxf3 15. gxf3 Rfd8 16. f4 Bd6 17. Ne4 Nbd5 18. Nxf6+ Nxf6 19. Bc3 Nd5 20. Bxh7+ Kf8 21. Rhg1 Nxc3+ 22. Qxc3 f6 23. Bg6 Qe7 24. Qc2 Bb4 25. a3 Ba5 26. Qf5 Rxd1+ 27. Rxd1 Rd8 28. Rxd8+ Bxd8 29. Qh5 Qe6 30. Qc5+ Kg8 31. Qh5 Kf8 32. Qc5+ Kg8 33. Qh5 Kf8 1/2-1/2

[Event "Adelaide-ch"]
[Site "Adelaide"]
[Date "2005.07.19"]
[Round "2"]
[White "Cooke, Tristrom"]
[Black "Cowley, Robert"]
[Result "0-1"]
[WhiteElo "1584"]
[BlackElo "2104"]
[PlyCount "101"]
[EventDate "2005.07.12"]
[EventType "swiss"]
[EventRounds "7"]
[EventCountry "AUS"]
[SourceTitle "EXT 2010"]
[Source "ChessBase"]
[SourceDate "2010.11.25"]
[SourceVersion "1"]
[SourceVersionDate "2010.11.25"]
[SourceQuality "1"]

1. e4 c5 2. Bc4 e6 3. Nf3 d5 4. Bb5+ Nc6 5. exd5 exd5 6. d4 Bd6 7. dxc5 Bxc5 8. 0-0 Nge7 9. Nbd2 0-0 10. Nb3 Bb6 11. c3 Bg4 12. Be2 Qd6 13. Nfd4 Bd7 14. Bf3 a6 15. Be3 Ne5 16. Bf4 N7g6 17. Bxe5 Nxe5 18. Be2 Rad8 19. Nf3 Ng6 20. Re1 Nf4 21. Bf1 Bg4 22. Nbd4 h6 23. Qc2 Rfe8 24. Rxe8+ Rxe8 25. Re1 Rxe1 26. Nxe1 Qe7 27. Nef3 Bxd4 28. Nxd4 Qe1 29. f3 Be6 30. Qf2 Qe5 31. Nxe6 Qxe6 32. g3 Ng6 33. Bd3 Ne5 34. Bc2 g6 35. Qe2 Qb6+ 36. Kh1 Qxb2 37. Qxe5 Qc1+ 38. Kg2 Qxc2+ 39. Kg1 Qb1+ 40. Kg2 Qxa2+ 41. Kh3 d4 42. Qb8+ Kh7 43. cxd4 Qd5 44. Qf4 a5 45. Qd2 a4 46. Qb4 b5 47. Kg2 Qb3 48. Qd6 a3 49. d5 a2 50. Qe7 Qc2+ 51. Kh3 0-1

[Event "AUS-ch reserves"]
[Site "Adelaide"]
[Date "2004.01.08"]
[Round "9.22"]
[White "Pengelley, Justin"]
[Black "Cowley, Robert"]
[Result "0-1"]
[WhiteElo "1834"]
[BlackElo "2022"]
[PlyCount "106"]
[EventDate "2003.12.??"]
[EventType "swiss"]
[EventRounds "11"]
[EventCountry "AUS"]
[SourceTitle "EXT 2005"]
[Source "ChessBase"]
[SourceDate "2004.11.15"]
[SourceVersion "1"]
[SourceVersionDate "2004.11.15"]
[SourceQuality "1"]

1. e4 c5 2. Nf3 e6 3. c3 d5 4. exd5 Qxd5 5. d4 Nf6 6. Bd3 cxd4 7. cxd4 Nc6 8. 0-0 Be7 9. Nc3 Qd6 10. Qe2 0-0 11. Rd1 Bd7 12. a3 Rad8 13. b4 g6 14. Bb2 Nd5 15. Ne4 Qb8 16. b5 Na5 17. Ne5 b6 18. Rac1 Qb7 19. h4 f6 20. Nxd7 Qxd7 21. g3 Rc8 22. Rxc8 Rxc8 23. h5 Kg7 24. Kg2 f5 25. Nd2 Nc3 26. Bxc3 Rxc3 27. hxg6 hxg6 28. Nf3 Bf6 29. Rh1 Nb3 30. Qe3 Qd5 31. Kg1 g5 32. Rh5 Nxd4 33. Nxg5 Rxd3 34. Qxd3 Bxg5 35. Qc3 Kg6 36. Rxg5+ Kxg5 37. Qe3+ Kg6 38. a4 Nf3+ 39. Kf1 Nd2+ 40. Kg1 Ne4 41. Qf4 Qd2 42. Qf3 Qxf2+ 43. Qxf2 Nxf2 44. Kxf2 Kg5 45. Ke3 Kg4 46. Kd4 Kxg3 47. Ke5 f4 48. Kxe6 f3 49. Kd6 f2 50. Kc7 f1Q 51. Kb7 Qf7+ 52. Ka6 Kf4 53. a5 bxa5 0-1

[Event "AUS-ch reserves"]
[Site "Adelaide"]
[Date "2004.01.02"]
[Round "4.23"]
[White "Cowley, Robert"]
[Black "Tsagarakis, Angelo"]
[Result "1-0"]
[WhiteElo "2022"]
[BlackElo "1889"]
[PlyCount "59"]
[EventDate "2003.12.??"]
[EventType "swiss"]
[EventRounds "11"]
[EventCountry "AUS"]
[SourceTitle "EXT 2005"]
[Source "ChessBase"]
[SourceDate "2004.11.15"]
[SourceVersion "1"]
[SourceVersionDate "2004.11.15"]
[SourceQuality "1"]

1. e4 Nc6 2. Nf3 d6 3. d4 Nf6 4. Nc3 g6 5. d5 Ne5 6. Nxe5 dxe5 7. Bg5 h6 8. Be3 a6 9. Be2 Bg7 10. Qd2 e6 11. 0-0-0 exd5 12. exd5 Qd6 13. f4 e4 14. g4 Nxg4 15. Nxe4 Qe7 16. Bc5 Qh4 17. Rde1 f5 18. Bxg4 fxe4 19. Rxe4+ Kf7 20. Re7+ Kg8 21. Bxc8 Rxc8 22. Rhe1 Bf6 23. d6 Qh5 24. R1e5 Bxe7 25. Qd5+ Kf8 26. dxe7+ Ke8 27. Rxh5 gxh5 28. Qe6 Ra8 29. f5 b6 30. Bd4 1-0

[Event "Adelaide Interclub"]
[Site "Adelaide"]
[Date "2004.??.??"]
[Round "1"]
[White "Chapman, Mark"]
[Black "Cowley, Robert"]
[Result "1-0"]
[WhiteElo "2380"]
[BlackElo "2110"]
[PlyCount "77"]
[EventDate "2004.??.??"]
[EventType "team"]
[EventRounds "9"]
[EventCountry "AUS"]
[SourceTitle "EXT 2007"]
[Source "ChessBase"]
[SourceDate "2006.11.23"]
[SourceVersion "1"]
[SourceVersionDate "2006.11.23"]
[SourceQuality "1"]

1. e4 c6 2. d4 d5 3. e5 Bf5 4. Nc3 e6 5. g4 Bg6 6. Nge2 Nd7 7. h4 h6 8. Be3 Qb6 9. Na4 Qa5+ 10. Nac3 Qb6 11. Rb1 c5 12. f4 a6 13. Qd2 h5 14. f5 Bh7 15. fxe6 fxe6 16. g5 0-0-0 17. Bh3 Nxe5 18. dxe5 d4 19. Nf4 dxe3 20. Bxe6+ Kb8 21. Qxe3 Ne7 22. 0-0 Bxc2 23. Rbc1 Bf5 24. Na4 Qb4 25. Rc4 Qd2 26. Qxd2 Rxd2 27. Nxc5 Nc6 28. Nb3 Bxe6 29. Nxe6 Rxb2 30. Nxf8 Nxe5 31. Re4 Ng4 32. Re7 g6 33. Rff7 Rb1+ 34. Kg2 Rb2+ 35. Kg3 Rxa2 36. Rxb7+ Ka8 37. Ra7+ Kb8 38. Rfb7+ Kc8 39. Nd7 1-0

[Event "Adelaide University op"]
[Site "Adelaide"]
[Date "2002.07.13"]
[Round "3"]
[White "Cowley, Robert"]
[Black "Rogers, Ian"]
[Result "0-1"]
[WhiteElo "2064"]
[BlackElo "2549"]
[PlyCount "60"]
[EventDate "2002.07.13"]
[EventType "swiss"]
[EventRounds "7"]
[EventCountry "AUS"]
[SourceTitle "EXT 2005"]
[Source "ChessBase"]
[SourceDate "2004.11.15"]
[SourceVersion "1"]
[SourceVersionDate "2004.11.15"]
[SourceQuality "1"]

1. c4 Nf6 2. Nc3 e5 3. e3 Bb4 4. Nge2 c6 5. a3 Ba5 6. b4 Bc7 7. d4 0-0 8. d5 d6 9. Ng3 a5 10. b5 cxd5 11. cxd5 Nbd7 12. Be2 Nc5 13. a4 e4 14. Bb2 Re8 15. Qc2 Bb6 16. 0-0 Bd7 17. Rad1 Rc8 18. Qb1 h5 19. f3 exf3 20. Bxf3 Ng4 21. Bxg4 Bxg4 22. Rxf7 Kxf7 23. Rf1+ Kg8 24. Qg6 Qd7 25. h3 h4 26. Nge4 Nxe4 27. Nxe4 Rxe4 28. Qxe4 Be2 29. Rf5 Re8 30. Qb1 Rxe3 0-1

[Event "Adelaide Interclub-A"]
[Site "Adelaide"]
[Date "2002.06.06"]
[Round "5.1"]
[White "Yang, Song"]
[Black "Cowley, Robert"]
[Result "0-1"]
[WhiteElo "1944"]
[BlackElo "2064"]
[PlyCount "62"]
[EventDate "2002.05.07"]
[EventType "team-tourn"]
[EventRounds "9"]
[EventCountry "AUS"]
[SourceTitle "EXT 2023"]
[Source "ChessBase"]
[SourceDate "2022.10.05"]
[SourceVersion "1"]
[SourceVersionDate "2022.10.05"]
[SourceQuality "1"]

1. e4 c6 2. d3 d5 3. Nd2 e5 4. Ngf3 Bd6 5. g3 Nf6 6. Bg2 0-0 7. 0-0 Re8 8. Qe2 Nbd7 9. Rd1 Qe7 10. Nf1 Nf8 11. Nh4 Ng6 12. Nxg6 hxg6 13. Bg5 dxe4 14. dxe4 Qc7 15. Ne3 Be6 16. Bxf6 gxf6 17. h4 Rad8 18. h5 Kg7 19. Bf3 Bc5 20. Kg2 Qb6 21. Ng4 gxh5 22. Rh1 hxg4 23. Bxg4 Rh8 24. Bf5 Bxf5 25. exf5 Rxh1 26. Rxh1 Kf8 27. Rh7 Ke7 28. f4 Be3 29. Qc4 Rd5 30. fxe5 Qd4 31. Qb3 Qe4+ 0-1

[Event "Adelaide Interclub-A"]
[Site "Adelaide"]
[Date "2002.05.07"]
[Round "1.1"]
[White "Chapman, Mark"]
[Black "Cowley, Robert"]
[Result "1/2-1/2"]
[WhiteElo "2349"]
[BlackElo "2064"]
[PlyCount "63"]
[EventDate "2002.05.07"]
[EventType "team-tourn"]
[EventRounds "9"]
[EventCountry "AUS"]
[SourceTitle "EXT 2023"]
[Source "ChessBase"]
[SourceDate "2022.10.05"]
[SourceVersion "1"]
[SourceVersionDate "2022.10.05"]
[SourceQuality "1"]

1. e4 c6 2. d4 d5 3. e5 Bf5 4. Nc3 e6 5. g4 Bg6 6. Nge2 c5 7. h4 h5 8. Nf4 Bh7 9. Nxh5 Nc6 10. dxc5 Bxc5 11. Bd3 Bxd3 12. cxd3 g6 13. Bg5 Be7 14. Bxe7 Qxe7 15. Ng3 Rxh4 16. Rxh4 Qxh4 17. Nb5 Kf8 18. d4 Qg5 19. Qf3 Kg7 20. Ne2 Nh6 21. Rd1 Nxg4 22. Nd6 Nh6 23. Nxb7 Nf5 24. Nc5 Rh8 25. Nd7 Rh4 26. Kf1 Ncxd4 27. Nxd4 Rxd4 28. Rxd4 Nxd4 29. Qa3 Qc1+ 30. Kg2 Qg5+ 31. Kf1 Qc1+ 32. Kg2 1/2-1/2

[Event "South Australia-ch"]
[Site "Adelaide"]
[Date "2002.03.19"]
[Round "6"]
[White "Cowley, Robert"]
[Black "Rigo, Bernard"]
[Result "1-0"]
[WhiteElo "2072"]
[BlackElo "1796"]
[PlyCount "89"]
[EventDate "2002.01.12"]
[EventType "tourn"]
[EventRounds "7"]
[EventCountry "AUS"]
[SourceTitle "EXT 2023"]
[Source "ChessBase"]
[SourceDate "2022.10.05"]
[SourceVersion "1"]
[SourceVersionDate "2022.10.05"]
[SourceQuality "1"]

1. e4 e5 2. Nf3 Nf6 3. Nc3 Nc6 4. d4 exd4 5. Nxd4 Bb4 6. Nxc6 bxc6 7. Bd3 d5 8. exd5 cxd5 9. 0-0 h6 10. Bb5+ Kf8 11. Bc6 Rb8 12. Nxd5 Ba6 13. Nxb4 Bxf1 14. Qxf1 Rxb4 15. b3 Kg8 16. c3 Rb6 17. Bf3 Re6 18. Be3 a6 19. Rd1 Qe7 20. Rd3 Kh7 21. g3 Re8 22. Qh3 Kg8 23. b4 Ne4 24. Qg4 Nd6 25. Bd5 Rg6 26. Qd4 Nf5 27. Qf4 Qe5 28. Qxe5 Rxe5 29. Bf4 Re1+ 30. Kg2 Nd6 31. c4 Ne8 32. a4 Rb6 33. b5 axb5 34. axb5 g5 35. Be3 Rb8 36. Ba7 Rb6 37. Bxb6 cxb6 38. Re3 Rxe3 39. fxe3 Kf8 40. c5 Ke7 41. cxb6 Kd8 42. Bxf7 Nd6 43. Bd5 Nxb5 44. Kf3 Kd7 45. Kg4 1-0